000 01215nam a22003377a 4500
003 CHAP
005 20220329140313.0
008 971013s1988 r 00010 d
010 _a50065
011 _a51037
035 _a55187
040 _cCHAP
090 _aTesis
100 0 0 _aRodríguez Bernal, Héctor.
_998326
245 _aEfecto de la fertilización nitrogenada y fosforada, combinada con distanciamiento entre plantas en cebolla (Allium cepa L.) enel área de influencia de Chapingo
260 _aChapingo, Méx. :
_bEl autor,
_c1988
300 _a101 h.
502 _aTesis (Ing. Agr. Esp. en Fitotecnia) -- UACH. Departamento de Fitotecnia
590 _aALEPH
_b10
_c20130110
_lUCH01
_h1324
590 _aBATCH-UPD
_b10
_c20130110
_lUCH01
_h0435
590 _aBATCH-UPD
_b10
_c20130410
_lUCH01
_h0111
590 _aBATCH-UPD
_b10
_c20130914
_lUCH01
_h0905
590 _aCONVERSION
_b10
_c20130109
_lUCH01
_h1327
650 1 4 _aCebolla
_xRendimiento.
_920801
650 1 4 _aFertilizantes fosfatados.
_940592
650 1 4 _aFertilizantes nitrogenados.
_940596
650 1 4 _aFertilizantes
_xEfecto en cebolla.
_940491
901 _aBK
942 _cTESIS
949 _bBC
_cTES
_d-121265
_eTS1
_h20857
_i55187
_si
999 _c50065
_d50065